Missouri's original 5 counties - Statistics

General Stats
  • This quiz has been taken 7 times
  • The average score is 3 of 5
Answer Stats
Districts % Correct
St. Louis
100%
St. Charles
86%
Ste. Genevieve
57%
Cape Girardeau
29%
New Madrid
14%
No matching quizzes found
Score Distribution
Percent of People with Each Score
Percentile by Number Answered
Your Score History
You have not taken this quiz